Argentina 1973-76: la génesis de una nueva crisis política /
Guardado en:
| Autor principal: | |
|---|---|
| Formato: | Texto |
| Materias: | |
| Etiquetas: |
Agregar Etiqueta
Sin Etiquetas, Sea el primero en etiquetar este registro!
|
MARC
| LEADER | 00000 a a2200000 04500 | ||
|---|---|---|---|
| 001 | 44252 | ||
| 003 | |||
| 040 | |||
| 100 | |a Landí, Oscar | ||
| 245 | |a Argentina 1973-76: |b la génesis de una nueva crisis política / |c Oscar Landí | ||
| 650 | |a ELECCIONES | ||
| 650 | |a ARGENTINA | ||
| 650 | |a PARTIDOS POLITICOS | ||
| 650 | |a GOBIERNO | ||
| 773 | |g volumen41, número1 ( , 1979), Páginas 89-127 | ||
| 999 | |c 36176 |d 36176 | ||
